000 004520000a22001690004500
003 MACL
005 20160803143140.0
008 160803b xxu||||| |||| 00| 0 eng d
040 _aMACL
_cMACL
041 _aEnglish
082 _a954 EVA
100 _aEvans, Sir Geoffrey
_929272
245 _aImphal A Flower on Lofty Heights
_cSir Geoffrey Evans
260 _bMachmillan & co
_c1962
_aLondon
650 _aTravel
_966065
942 _cBK
_k954/Eva
_2ddc
999 _c35981
_d35981